|
|
|
|
| LEADER |
00000nab a2200000 a 4500 |
| 001 |
vtls009142732 |
| 003 |
SK-MaSNL |
| 005 |
20260304152542.0 |
| 008 |
250506c2007 xo |||||||||||000 b|slo |
| 015 |
|
|
|a SNBRB2007/09
|2 snkbucl
|
| 035 |
|
|
|a (uuid)bcdc8bd1-f0e6-4654-b60d-9c154ddf4169
|
| 035 |
|
|
|a urn:nbn:sk:snk-ab10ve
|
| 035 |
|
|
|a (urnnbn)urn:nbn:sk:snk:ar-a05evm
|
| 038 |
|
|
|a SNKBUCL
|
| 040 |
|
|
|a SNKBUCL
|b slo
|c SNKBUCL
|e AACR2
|
| 041 |
0 |
|
|a slo
|
| 044 |
|
|
|a xo
|c SK
|
| 080 |
|
|
|a 004.738.12:7.097
|2 2001
|
| 080 |
|
|
|a 7.097
|2 2001
|
| 080 |
|
|
|a 791.242.097
|2 2001
|
| 100 |
1 |
|
|a Černický, Martin
|4 aut
|9 1456329
|
| 245 |
1 |
0 |
|a Televízne seriály na internete
|c Martin Černický
|
| 300 |
|
|
|b Fotogr.
|
| 500 |
|
|
|a Ukončenie
|
| 650 |
0 |
7 |
|a televízne seriály
|2 snkbucl
|9 2920
|
| 650 |
0 |
7 |
|a internet
|2 snkbucl
|9 1833
|
| 650 |
0 |
7 |
|a webové stránky
|2 snkbucl
|9 2008
|
| 773 |
0 |
|
|t PC revue
|g Roč. XV, č. 8 (2007), s. 112-113
|x 1335-0226
|
| 850 |
|
|
|a Slovenská národná knižnica
|
| 852 |
|
|
|a Slovenská národná knižnica
|
| 954 |
|
|
|a odborná, vedecká literatúra pôvodná (slovenská)
|2 lita
|
| 958 |
|
|
|a article27
|
| 958 |
|
|
|a OND
|
| 958 |
|
|
|a EUIPO
|
| 999 |
|
|
|c 2949721
|d 2951651
|